000 00392nam a22001337a 4500
005 20260223145827.0
020 _a978-81-7139-380-0
082 _a333.917KAM/C
100 _aKamat,Dushyant and Haque,Mohd,Azhural
_910651
245 _aCoastal Zone Management/
_cby Dushyant Kamat and Mohd.Azhural Haque
260 _a.-Newdelhi
_b:Njanada Prakashan
_c,2023
300 _a230p
942 _2ddc
_cBK
999 _c756738
_d756738